000 00336nam a2200133Ia 4500
005 20260328101447.0
008 260328s9999||||xx |||||||||||||| ||und||
100 _aMurray, James W.
245 0 _aCharles Rennie Mackintosh /
_cJames W. Murray
260 _bGlasgow School of Art
300 _a96 p.
650 _aARQUITECTOS
942 _cBK
999 _c8501
_d8501